[Event "FRA-ch (Women)"]
[Site "L'Alpe d'Huez"]
[Date "2024.08.23"]
[Round "4.1"]
[White "Daulyte Cornette, Deimante"]
[Black "Guichard, Pauline"]
[Result "1-0"]
[WhiteElo "2366"]
[BlackElo "2361"]
[PlyCount "67"]
[EventDate "2024.08.16"]
[EventType "k.o."]
[EventRounds "4"]
[EventCountry "FRA"]
[SourceTitle "CBM 221 Extra"]
[Source "ChessBase"]
[SourceDate "2024.09.30"]
[SourceVersion "1"]
[SourceVersionDate "2024.09.30"]
[SourceQuality "1"]

1. e4 c6 2. d4 d5 3. e5 Bf5 4. h4 h5 5. Bd3 Bxd3 6. Qxd3 Qa5+ 7. Nd2 e6 8. Ngf3 Nh6 9. 0-0 Nf5 10. c4 Be7 11. g3 Nd7 12. b3 Rd8 13. Qc2 b5 14. c5 0-0 15. a3 Qc7 16. b4 a5 17. Bb2 a4 18. Rfe1 f6 19. exf6 Rxf6 20. Ng5 Nf8 21. Ndf3 Re8 22. Ne5 Bd8 23. Re2 Qc8 24. Rae1 Bc7 25. Qd3 Bb8 26. Bc1 g6 27. Ngf3 Nd7 28. Nxg6 Bxg3 29. fxg3 Rxg6 30. Qxf5 Rxg3+ 31. Kf2 Qc7 32. Rxe6 Rxf3+ 33. Kxf3 Rf8 34. Rg1+ 1-0